000 00413nam a2200169Ia 4500
008 151213s9999 xx 000 0 und d
020 _a131919660
100 _aH.D. Brown
245 _aPrinciples of Language Learning & Teaching
_cH.D. Brown
250 _a3 rd
260 _aU.S.A
_bPrentic Hall
_c1994
300 _a4170 p.
650 _aEnglish
650 _aEnglish
700 _aH.D. Brown
999 _c2595
_d2595